Στατιστικαί μελέται 1821-1971 : η στατιστική κατά τα 150 έτη από της παλιγγενεσίας της Ελλάδος
Αποθηκεύτηκε σε:
| Κύριος συγγραφέας: | |
|---|---|
| Μορφή: | Βιβλίο |
| Γλώσσα: | Greek |
| Δημοσίευση: |
Αθήναι :
Εθνικόν Κέντρον Κοινωνικών Ερευνών,
1972
|
| Θέματα: | |
| Ετικέτες: |
Προσθήκη ετικέτας
Δεν υπάρχουν, Καταχωρήστε ετικέτα πρώτοι!
|
MARC
| LEADER | 00000cam a2200000 i 4500 | ||
|---|---|---|---|
| 001 | 1/29869 | ||
| 008 | 060519s1972 gre d | ||
| 035 | |l 10084004 | ||
| 040 | |a GR-MY-UA |b gre |e aacr | ||
| 041 | 0 | |a gre | |
| 082 | 0 | |a 330.9495 |2 (22) | |
| 100 | 1 | |a Χουλιαράκης, Μιχαήλ Γ. | |
| 245 | 1 | 0 | |a Στατιστικαί μελέται 1821-1971 : |b η στατιστική κατά τα 150 έτη από της παλιγγενεσίας της Ελλάδος / |c Μ. Χουλιαράκη ...[κ.α.] |
| 260 | |a Αθήναι : |b Εθνικόν Κέντρον Κοινωνικών Ερευνών, |c 1972 | ||
| 300 | |a 351 σ.; |b πιν.; |c 25 εκ. | ||
| 500 | |a Κοινή έκδοσις του περιοδικού "Ο Στατιστικός", οργάνου του Συλλόγου Πτυχιούχων Στατιστικών Υπαλλήλων της ΕΣΥΕ, και του ΕΚΚΕ, αφιερωμένη εις τον πανηγυρισμόν των 150 χρόνων από της παλιγγενεσίας της Ελλάδος | ||
| 504 | |a Περιέχει βιβλιογραφία (σ. 349) | ||
| 610 | 2 | 0 | |a Εθνική Στατιστική Υπηρεσία της Ελλάδος. |
| 651 | 0 | |a Greece |x Statistical services |x History. | |
| 852 | |a INST |b LESVOS |e 20060519 |h 330.9495 ΧΟΥ |p 005100035010 |q 005100035010 |t BK |y 0 | ||
| 901 | |a BIBL1-2006-2 | ||
| 909 | |a Λ |b 124048 | ||
| 970 | |a ΚΑΡΑ |b ΓΙΑΣΕΜΗ |z 2006/05/19 | ||